| 000 | 00359nam a2200145Ia 4500 | ||
|---|---|---|---|
| 005 | 20251222141944.0 | ||
| 008 | 251222s9999||||xx |||||||||||||| ||spa|| | ||
| 020 | _a968-24-6548-6 | ||
| 082 | _a658.406.3/M26 | ||
| 100 | _aMartínez Chávez, Víctor Manuel | ||
| 245 | 0 | _aDiagnóstico Administrativo: | |
| 250 | _a3a. ed. | ||
| 264 | _bTrillas | ||
| 942 | _cLIB | ||
| 999 |
_c9460 _d9460 |
||